000 00647nam a22001937a 4500
003 OSt
005 20250621015416.0
008 250621b |||||||| |||| 00| 0 eng d
020 _a979-621-427-008-8
040 _aDWCL - Main lib
_cOC
082 _aFil. 657.9 F897e 2018
100 _aFrias, Solita A.
245 _aElementary accounting ( partnership and corporation)/
_cSolita S. Frias
260 _aManila :
_b Library services & publishing inc.,
_cc2018.
300 _axiv , various paging's
_c 25cm.
650 _a1. Accounting
650 _a2. Partnership and corporation- Accounting
942 _2ddc
_cBK - FIL
_eseventh edition
_kFil.
_n0
999 _c3212
_d3212